[Event "Online Olym Div2 A"]
[Site "Chess.com INT"]
[Date "2020.08.15"]
[Round "4.4"]
[White "Osmanodja, Filiz"]
[Black "Sihite, Chelsie Monica"]
[Result "0-1"]
[WhiteElo "2293"]
[BlackElo "2252"]
[PlyCount "132"]
[EventDate "2020.08.14"]
[EventType "team-tourn (rapid)"]
[EventRounds "9"]
[EventCountry "USA"]
[SourceTitle "CBM 198"]
[Source "ChessBase"]
[SourceDate "2020.10.31"]
[SourceVersion "1"]
[SourceVersionDate "2020.10.31"]
[SourceQuality "1"]
[WhiteTeam "Germany"]
[BlackTeam "Indonesia"]
[WhiteTeamCountry "GER"]
[BlackTeamCountry "INA"]

1. e4 e5 2. Nf3 Nc6 3. Bb5 a6 4. Ba4 Nf6 5. 0-0 b5 6. Bb3 Be7 7. Re1 0-0 8. h3 d6 9. c3 Na5 10. Bc2 c5 11. d4 Qc7 12. Nbd2 Bd7 13. d5 c4 14. Nf1 Nb7 15. Ng3 a5 16. Nh2 Nc5 17. f4 b4 18. fxe5 dxe5 19. Rf1 b3 20. axb3 cxb3 21. Bb1 a4 22. Bg5 Ra6 23. Nf3 h6 24. Be3 Bb5 25. Rf2 Ncd7 26. Nf5 Bc5 27. Qd2 Bxe3 28. Qxe3 Qb6 29. Qd2 Nc5 30. Ng3 Rfa8 31. Nxe5 a3 32. Rxa3 Rxa3 33. bxa3 Rxa3 34. Kh2 Ra1 35. Qb2 Na4 36. Qxa1 Qxf2 37. c4 Be8 38. d6 Nc5 39. Qa8 Kh7 40. Ng4 Nxg4+ 41. hxg4 Bd7 42. e5+ g6 43. Qd5 Bxg4 44. Nh1 Qh4+ 45. Kg1 Qe1+ 46. Kh2 Be6 47. Qxc5 Qxb1 48. Qf2 Qe4 49. d7 Qxe5+ 50. Ng3 Bxd7 51. Qxf7+ Qg7 52. Qf1 b2 53. Ne4 Bf5 54. Nd2 Qd4 55. Qe1 Qf4+ 56. Kh1 Qd6 57. Nb1 h5 58. Nc3 Qb4 59. Qd1 b1Q 60. Nxb1 Qxb1 61. Qxb1 Bxb1 62. Kg1 Be4 63. Kf2 Kh6 64. g3 Kg5 65. Ke3 Bc6 66. Kf2 Kg4 0-1

[Event "GER-ch Blitz (Women)"]
[Site "Magdeburg"]
[Date "2020.08.15"]
[Round "15"]
[White "Skibbe, Diana"]
[Black "Osmanodja, Filiz"]
[Result "0-1"]
[WhiteElo "1991"]
[BlackElo "2293"]
[PlyCount "34"]
[EventDate "2020.07.28"]
[EventType "tourn (blitz)"]
[EventRounds "29"]
[EventCountry "GER"]
[SourceTitle "EXT 2021"]
[Source "ChessBase"]
[SourceDate "2020.10.23"]
[SourceVersion "1"]
[SourceVersionDate "2020.10.23"]
[SourceQuality "1"]

1. e4 c5 2. Nf3 d6 3. d4 cxd4 4. Nxd4 Nf6 5. Nc3 Nc6 6. Bg5 e6 7. f4 Qb6 8. Nb3 Be7 9. Bd3 h6 10. Bxf6 Bxf6 11. Qe2 Nd4 12. Nxd4 Bxd4 13. 0-0-0 Bxc3 14. bxc3 0-0 15. Kd2 e5 16. g4 exf4 17. h4 Bxg4 0-1

[Event "Titled Tuesday intern op 14th July"]
[Site "Chess.com INT"]
[Date "2020.07.14"]
[Round "1"]
[White "Osmanodja, Filiz"]
[Black "Bodnaruk, Anastasia"]
[Result "1/2-1/2"]
[WhiteElo "2293"]
[BlackElo "2411"]
[PlyCount "129"]
[EventDate "2020.07.14"]
[EventType "swiss (blitz)"]
[EventRounds "10"]
[EventCountry "USA"]
[SourceTitle "CBM 197 Extra"]
[Source "ChessBase"]
[SourceDate "2020.09.30"]
[SourceVersion "1"]
[SourceVersionDate "2020.09.30"]
[SourceQuality "1"]

1. e4 c5 2. Nc3 d6 3. Nf3 Nf6 4. d4 cxd4 5. Nxd4 a6 6. Be3 e5 7. Nf3 Qc7 8. a4 Be7 9. a5 Be6 10. Be2 Nbd7 11. Nd5 Bxd5 12. exd5 0-0 13. c4 Ne4 14. 0-0 f5 15. Nd2 Nxd2 16. Bxd2 Bf6 17. b4 e4 18. Rc1 Be5 19. Qb3 Kh8 20. Rc2 f4 21. Bg4 Bd4 22. Qh3 Nf6 23. Bxf4 Nxd5 24. cxd5 Qxc2 25. Bf5 g6 26. Bxg6 Qc7 27. Bxd6 Rxf2 28. Bxc7 Rf3+ 29. Rf2 Rxh3 30. Be5+ Bxe5 31. gxh3 Bd4 32. Bxe4 Rf8 33. d6 Bxf2+ 34. Kg2 Be1 35. Bxb7 Bxb4 36. d7 Bxa5 37. Bxa6 Rf6 38. Bc8 Kg7 39. Kg3 Kf8 40. h4 Ke7 41. Kg4 Bc7 42. Kg5 Rf2 43. h5 Rxh2 44. Kh6 Rh1 45. Kxh7 Rxh5+ 46. Kg6 Rh1 47. Kg5 Rg1+ 48. Kf5 Rf1+ 49. Kg6 Bd8 50. Kg5 Ke6+ 51. Kg4 Ke5 52. Kg3 Ke4 53. Kg2 Rf6 54. Kg3 Bc7+ 55. Kg4 Rg6+ 56. Kh5 Rg2 57. Bb7+ Ke5 58. Bxg2 Ke6 59. Bh3+ Ke7 60. Kg6 Bb6 61. Kf5 Bc7 62. Ke4 Bd8 63. Kd5 Bc7 64. Kc6 Bd8 65. Kb7 1/2-1/2